Tennis ATP 1000 - Finals Beside the Big 4 - Statistics

General Stats
  • This quiz has been taken 1,900 times
    1,559 since last reset
  • The average score is 18 of 30
Answer Stats
# in Finals Player % Correct
6 Zverev
92%
3 Wawrinka
91%
3 Medvedev
90%
3 Thiem
88%
3 del Potro
86%
2 Tsitsipas
83%
1 Cilic
82%
3 Tsonga
81%
6 Ferrer
80%
5 Isner
77%
1 Monfils
72%
4 Nishikori
69%
1 Dimitrov
68%
1 Fognini
68%
2 Berdych
62%
3 Raonic
61%
1 Khachanov
58%
1 Kyrgios
58%
1 Sock
57%
1 Gasquet
51%
1 Goffin
46%
1 Shapovalov
46%
1 Bautista Agut
45%
1 Ćorić
43%
1 Simon
41%
1 Lajović
36%
1 Krajinovic
29%
1 Fish
28%
1 Janowicz
23%
1 Ramos-Vinolas
23%
No matching quizzes found
Score Distribution
Percent of People with Each Score
Percentile by Number Answered
Your Score History
You have not taken this quiz since the last reset